[Event "Mittelfranken Landesliga Sued 2223"]
[Site "Mittelfranken"]
[Date "2023.03.05"]
[Round "7.5"]
[White "Lerch, Martin"]
[Black "Lavrinenkov, Vadim"]
[Result "0-1"]
[WhiteElo "1988"]
[BlackElo "2281"]
[PlyCount "88"]
[EventDate "2022.10.09"]
[EventType "team-tourn"]
[EventRounds "9"]
[EventCountry "GER"]
[SourceTitle "EXT 2024"]
[Source "ChessBase"]
[SourceDate "2023.10.10"]
[SourceVersion "1"]
[SourceVersionDate "2023.10.10"]
[SourceQuality "1"]
[WhiteTeam "Muenchen Zugzwang II"]
[BlackTeam "Augsburg SF"]
[WhiteTeamCountry "GER"]
[BlackTeamCountry "GER"]

1. e4 e5 2. Nc3 Nf6 3. g3 d5 4. exd5 c6 5. d6 Bxd6 6. Bg2 0-0 7. Nge2 c5 8. d3 Nc6 9. 0-0 Be6 10. h3 Qd7 11. Kh2 Rfe8 12. f4 exf4 13. Bxf4 Bxf4 14. Nxf4 Nd4 15. Rf2 Rab8 16. Nh5 Nxh5 17. Qxh5 f5 18. a4 b6 19. Re1 Bf7 20. Rxe8+ Rxe8 21. Qg5 Re1 22. Nb5 g6 23. Nxd4 Qxd4 24. Qd2 Re8 25. b3 Kg7 26. Re2 Re5 27. Rxe5 Qxe5 28. Qf4 Qxf4 29. gxf4 Kf6 30. Kg3 h6 31. h4 g5 32. hxg5+ hxg5 33. fxg5+ Kxg5 34. Bc6 f4+ 35. Kf2 Kf5 36. Bf3 Ke5 37. Ke2 Bd5 38. Bxd5 Kxd5 39. c3 Ke5 40. Kf3 a6 41. Kf2 b5 42. axb5 axb5 43. Kf3 b4 44. d4+ Kd5 0-1

[Event "Mittelfranken Landesliga Sued 2223"]
[Site "Mittelfranken"]
[Date "2023.02.05"]
[Round "6.6"]
[White "Weichlein, Paul"]
[Black "Lavrinenkov, Vadim"]
[Result "1/2-1/2"]
[WhiteElo "2103"]
[BlackElo "2281"]
[PlyCount "117"]
[EventDate "2022.10.09"]
[EventType "team-tourn"]
[EventRounds "9"]
[EventCountry "GER"]
[SourceTitle "EXT 2024"]
[Source "ChessBase"]
[SourceDate "2023.10.10"]
[SourceVersion "1"]
[SourceVersionDate "2023.10.10"]
[SourceQuality "1"]
[WhiteTeam "Haunstetten"]
[BlackTeam "Augsburg SF"]
[WhiteTeamCountry "GER"]
[BlackTeamCountry "GER"]

1. d4 Nf6 2. c4 e6 3. Nc3 Bb4 4. e3 0-0 5. Bd3 d5 6. Nf3 dxc4 7. Bxc4 c5 8. 0-0 cxd4 9. exd4 b6 10. Bg5 Bb7 11. Qe2 Bxc3 12. bxc3 Nbd7 13. Ne5 Qc7 14. Nxd7 Nxd7 15. Rac1 Rfe8 16. Bb5 a6 17. Bxd7 Qxd7 18. Qg4 Kh8 19. Rfd1 f6 20. Bf4 Qf7 21. Rd3 Qg6 22. Qxg6 hxg6 23. c4 g5 24. Be3 b5 25. Rb3 Bc6 26. cxb5 Bxb5 27. Rbc3 Kh7 28. Rc7 Kg6 29. h3 Rad8 30. Kh2 f5 31. R1c5 f4 32. Bd2 e5 33. Rb7 Rxd4 34. Bc3 Rc4 35. Rxe5 Rxc3 36. Rbxb5 axb5 37. Rxe8 Rc2 38. Re6+ Kf5 39. Rb6 Rxf2 40. Rxb5+ Kg6 41. a4 Ra2 42. a5 Kh6 43. Rc5 g6 44. Rb5 Kh5 45. Rc5 Kh4 46. Rc4 Kh5 47. Rc5 Ra4 48. g3 Ra2+ 49. Kg1 fxg3 50. Rc4 Rxa5 51. Kg2 Ra3 52. Rb4 Kh6 53. Rg4 Re3 54. Ra4 Kg7 55. Ra6 Kf7 56. Rb6 Re6 57. Rb5 Kf6 58. Kxg3 Re3+ 59. Kg4 1/2-1/2

[Event "Bayern-chI Bank Hofmann 25th"]
[Site "Tegernsee"]
[Date "2022.11.09"]
[Round "5"]
[White "Lavrinenkov, Vadim"]
[Black "Fichtner, Ewald"]
[Result "1/2-1/2"]
[WhiteElo "2285"]
[BlackElo "2027"]
[PlyCount "36"]
[EventDate "2022.11.05"]
[EventType "swiss"]
[EventRounds "9"]
[EventCountry "GER"]
[SourceTitle "CBM 211 Extra"]
[Source "ChessBase"]
[SourceDate "2023.01.31"]
[SourceVersion "1"]
[SourceVersionDate "2023.01.31"]
[SourceQuality "1"]

1. d4 d5 2. c4 c6 3. Nf3 Nf6 4. cxd5 cxd5 5. Nc3 Nc6 6. Bf4 Bf5 7. e3 e6 8. Qb3 Bb4 9. Ne5 Bxc3+ 10. bxc3 Nxe5 11. Bxe5 0-0 12. Qb4 Qb6 13. Qxb6 axb6 14. Bxf6 gxf6 15. a4 Bc2 16. Bb5 Ra5 17. Kd2 Bxa4 18. Rxa4 Rxb5 1/2-1/2

[Event "Bayern-chI Bank Hofmann 25th"]
[Site "Tegernsee"]
[Date "2022.11.06"]
[Round "2"]
[White "Stoettner, Moritz"]
[Black "Lavrinenkov, Vadim"]
[Result "1/2-1/2"]
[WhiteElo "2013"]
[BlackElo "2285"]
[PlyCount "62"]
[EventDate "2022.11.05"]
[EventType "swiss"]
[EventRounds "9"]
[EventCountry "GER"]
[SourceTitle "CBM 211 Extra"]
[Source "ChessBase"]
[SourceDate "2023.01.31"]
[SourceVersion "1"]
[SourceVersionDate "2023.01.31"]
[SourceQuality "1"]

1. e4 e5 2. Nf3 Nf6 3. d4 Nxe4 4. Bd3 d5 5. Nxe5 Bd6 6. 0-0 0-0 7. Nc3 Nxc3 8. bxc3 Nd7 9. Re1 Nxe5 10. dxe5 Bc5 11. Qf3 Be6 12. Be3 Qe7 13. a4 a5 14. Reb1 b6 15. Bd4 Bxd4 16. cxd4 f6 17. Qh5 g6 18. Qh4 Rae8 19. Re1 fxe5 20. Qxe7 Rxe7 21. Rxe5 Kf7 22. f4 c6 23. Kf2 Bd7 24. Ke3 Re6 25. Rb1 Rb8 26. c4 Rxe5+ 27. fxe5 dxc4 28. Bxc4+ Ke7 29. Rf1 Rf8 30. Rb1 Rb8 31. Rf1 Rf8 1/2-1/2

[Event "Mittelfranken Landesliga Sued 2122"]
[Site "Mittelfranken"]
[Date "2022.05.29"]
[Round "9.1"]
[White "Lavrinenkov, Vadim"]
[Black "Riediger, Martin"]
[Result "1-0"]
[WhiteElo "2301"]
[BlackElo "2165"]
[PlyCount "73"]
[EventDate "2021.10.24"]
[EventType "team-tourn"]
[EventRounds "9"]
[EventCountry "GER"]
[SourceTitle "EXT 2024"]
[Source "ChessBase"]
[SourceDate "2023.10.10"]
[SourceVersion "1"]
[SourceVersionDate "2023.10.10"]
[SourceQuality "1"]
[WhiteTeam "Kriegshaber"]
[BlackTeam "Rottal Inn"]
[WhiteTeamCountry "GER"]
[BlackTeamCountry "GER"]

1. d4 e6 2. e4 d5 3. Nc3 Bb4 4. e5 c5 5. a3 Bxc3+ 6. bxc3 Qa5 7. Bd2 Qa4 8. Qb1 c4 9. Nf3 h6 10. h4 Nc6 11. Be2 Bd7 12. h5 0-0-0 13. Nh4 Nge7 14. g4 Rdf8 15. f4 f6 16. Be3 Qa5 17. Kd2 fxe5 18. fxe5 Rf7 19. Qb2 Rhf8 20. Rab1 Qc7 21. Rbg1 Be8 22. Rh3 Kb8 23. Rhg3 Rh8 24. Qa1 Qa5 25. g5 hxg5 26. Rxg5 Rh7 27. R1g2 Nc8 28. Bg4 Bd7 29. Nf3 N8e7 30. Ng1 Qd8 31. Nf3 Qh8 32. Nh4 Qd8 33. Ng6 Ng8 34. Bh3 Nh6 35. Qg1 Ne7 36. Nh4 a6 37. Rxg7 1-0

[Event "Pfalz op-A 11th"]
[Site "Neustadt an der Weinstrasse"]
[Date "2020.02.23"]
[Round "4"]
[White "Zaitsev, Mikhail"]
[Black "Lavrinenkov, Vadim"]
[Result "1-0"]
[WhiteElo "2422"]
[BlackElo "2280"]
[PlyCount "119"]
[EventDate "2020.02.21"]
[EventType "swiss"]
[EventRounds "9"]
[EventCountry "GER"]
[SourceTitle "CBM 195 Extra"]
[Source "ChessBase"]
[SourceDate "2020.05.31"]
[SourceVersion "1"]
[SourceVersionDate "2020.05.31"]
[SourceQuality "1"]

1. e4 c5 2. c3 e6 3. d4 d5 4. exd5 exd5 5. Nf3 Nf6 6. Bb5+ Nc6 7. 0-0 cxd4 8. Nxd4 Bd7 9. Re1+ Be7 10. Qe2 Nxd4 11. cxd4 Bxb5 12. Qxb5+ Qd7 13. Qe2 a5 14. Bd2 Ne4 15. Nc3 Nxd2 16. Qxd2 0-0 17. Nxd5 Qxd5 18. Rxe7 Rad8 19. a3 b6 20. Rd1 Rd6 21. Re5 Qb3 22. Qe2 Qa4 23. d5 Qd7 24. g3 g6 25. h4 Rd8 26. Rd4 Kf8 27. Qe3 f6 28. Qh6+ Kg8 29. Re3 Qf7 30. Rde4 Qf8 31. Qxf8+ Kxf8 32. Re7 h5 33. Rb7 Re8 34. Rb3 Re5 35. R3xb6 Rexd5 36. Rxd6 Rxd6 37. a4 Rd2 38. Kg2 Rc2 39. Kf3 Kg8 40. Ke3 Kf8 41. f3 Rc4 42. b3 Rc3+ 43. Kf4 Rd3 44. g4 hxg4 45. Kxg4 Rd1 46. Rb5 Rg1+ 47. Kf4 Rh1 48. Rxa5 Rxh4+ 49. Ke3 Rb4 50. Rb5 Rxb5 51. axb5 Ke7 52. b6 Kd6 53. Ke4 Kc6 54. b7 Kxb7 55. Kd5 Kb6 56. Ke6 Kc5 57. Kxf6 Kd4 58. Kxg6 Ke3 59. b4 Kxf3 60. b5 1-0

[Event "Landesliga Sued 1920"]
[Site "Bayern"]
[Date "2020.02.09"]
[Round "6.1"]
[White "Grimberg, Boris"]
[Black "Lavrinenkov, Vadim"]
[Result "1-0"]
[WhiteElo "2329"]
[BlackElo "2294"]
[PlyCount "47"]
[EventDate "2019.09.29"]
[EventType "team-tourn"]
[EventRounds "9"]
[EventCountry "GER"]
[SourceTitle "EXT 2021"]
[Source "ChessBase"]
[SourceDate "2020.10.23"]
[SourceVersion "1"]
[SourceVersionDate "2020.10.23"]
[SourceQuality "1"]
[WhiteTeam "Haunstetten"]
[BlackTeam "Kriegshaber"]
[WhiteTeamCountry "GER"]
[BlackTeamCountry "GER"]

1. Nf3 Nf6 2. c4 c6 3. Nc3 d5 4. e3 a6 5. h3 Nbd7 6. d4 e6 7. Qc2 Be7 8. Bd3 b6 9. 0-0 Bb7 10. Rd1 Qc7 11. Qe2 0-0 12. Bd2 c5 13. cxd5 exd5 14. Rac1 c4 15. Bb1 b5 16. a3 Rfe8 17. Nh2 Qb6 18. Qf3 a5 19. Ne2 b4 20. axb4 axb4 21. Ng3 Bf8 22. Ng4 g6 23. Qf4 Qd6 24. Nh6+ 1-0

[Event "Landesliga Sued 1920"]
[Site "Bayern"]
[Date "2019.12.08"]
[Round "4.1"]
[White "Riediger, Martin"]
[Black "Lavrinenkov, Vadim"]
[Result "0-1"]
[WhiteElo "2149"]
[BlackElo "2294"]
[PlyCount "102"]
[EventDate "2019.09.29"]
[EventType "team-tourn"]
[EventRounds "9"]
[EventCountry "GER"]
[SourceTitle "EXT 2021"]
[Source "ChessBase"]
[SourceDate "2020.10.23"]
[SourceVersion "1"]
[SourceVersionDate "2020.10.23"]
[SourceQuality "1"]
[WhiteTeam "Rottal Inn"]
[BlackTeam "Kriegshaber"]
[WhiteTeamCountry "GER"]
[BlackTeamCountry "GER"]

1. Nf3 d5 2. g3 Nf6 3. Bg2 c6 4. 0-0 Bg4 5. b3 Nbd7 6. Bb2 e6 7. c4 Bd6 8. d3 Qe7 9. Nbd2 0-0 10. d4 h6 11. c5 Bc7 12. b4 a5 13. a3 e5 14. dxe5 Nxe5 15. Qc2 Nxf3+ 16. Nxf3 Rfe8 17. e3 Qe4 18. Nd4 Qxc2 19. Nxc2 Nd7 20. Nd4 Ne5 21. h3 Bd7 22. Bc3 Nc4 23. g4 Be5 24. Rfc1 f5 25. gxf5 Bxd4 26. exd4 Bxf5 27. Bf1 axb4 28. axb4 Na3 29. Re1 Rxe1 30. Bxe1 Re8 31. Bc3 Nb1 32. Bb2 Re1 33. Kg2 Re6 34. Bc1 Rg6+ 35. Kh2 Rf6 36. Be3 Nc3 37. Ra8+ Kh7 38. Rb8 Rf7 39. Kg3 Be4 40. f4 g5 41. Bd2 gxf4+ 42. Bxf4 Bc2 43. Re8 Ne4+ 44. Rxe4 Bxe4 45. b5 Rg7+ 46. Kh4 Rg1 47. Be2 cxb5 48. Bxb5 Bf5 49. Be2 Rh1 50. Bg4 Bxg4 51. Kxg4 Kg6 0-1

[Event "Landesliga Sued 1920"]
[Site "Bayern"]
[Date "2019.11.10"]
[Round "2.1"]
[White "Schuster, Karsten"]
[Black "Lavrinenkov, Vadim"]
[Result "1/2-1/2"]
[WhiteElo "2275"]
[BlackElo "2294"]
[PlyCount "73"]
[EventDate "2019.09.29"]
[EventType "team-tourn"]
[EventRounds "9"]
[EventCountry "GER"]
[SourceTitle "EXT 2021"]
[Source "ChessBase"]
[SourceDate "2020.10.23"]
[SourceVersion "1"]
[SourceVersionDate "2020.10.23"]
[SourceQuality "1"]
[WhiteTeam "Groebenzell"]
[BlackTeam "Kriegshaber"]
[WhiteTeamCountry "GER"]
[BlackTeamCountry "GER"]

1. d4 d5 2. c4 c6 3. cxd5 cxd5 4. Bf4 Nf6 5. Nc3 a6 6. e3 Nc6 7. Bd3 Bg4 8. Nge2 e6 9. 0-0 Bd6 10. Bxd6 Qxd6 11. Rc1 Bxe2 12. Qxe2 e5 13. dxe5 Qxe5 14. Rfd1 0-0 15. Rd2 Rfd8 16. Rcd1 Rd6 17. Bc2 Rad8 18. Bb3 Kf8 19. h3 Na5 20. Rd4 Nc6 21. R4d3 R6d7 22. a3 Qf5 23. R3d2 d4 24. exd4 Nxd4 25. Qc4 Nc6 26. Rxd7 Rxd7 27. Rxd7 Qxd7 28. Nd5 Nxd5 29. Qxd5 Qxd5 30. Bxd5 Nd8 31. f4 Ke7 32. Kf2 Kd6 33. Be4 h6 34. Ke3 Kc5 35. Kd3 a5 36. Kc3 a4 37. Kd3 1/2-1/2

[Event "Karlsruhe Grenke op"]
[Site "Karlsruhe"]
[Date "2019.04.21"]
[Round "6"]
[White "Lavrinenkov, Vadim"]
[Black "Baskin, Robert"]
[Result "1/2-1/2"]
[WhiteElo "2256"]
[BlackElo "2394"]
[PlyCount "69"]
[EventDate "2019.04.18"]
[EventType "swiss"]
[EventRounds "9"]
[EventCountry "GER"]
[SourceTitle "CBM 189 Extra"]
[Source "ChessBase"]
[SourceDate "2019.06.03"]
[SourceVersion "1"]
[SourceVersionDate "2019.06.03"]
[SourceQuality "1"]

1. d4 d5 2. c4 e6 3. Nf3 c6 4. Nbd2 Nf6 5. g3 Be7 6. Bg2 0-0 7. 0-0 b6 8. b3 Nbd7 9. Bb2 Bb7 10. Qc2 Rc8 11. e4 c5 12. exd5 exd5 13. Ne5 cxd4 14. Bxd4 Nc5 15. Rfd1 Ne6 16. Bb2 Qc7 17. Qf5 dxc4 18. Ndxc4 g6 19. Qh3 Ng5 20. Qh6 Bxg2 21. Kxg2 Qb7+ 22. f3 b5 23. Qxg5 bxc4 24. Rd7 Nxd7 25. Qxe7 Rce8 26. Ng4 h5 27. Nf6+ Nxf6 28. Qxb7 Re2+ 29. Kh3 Rxb2 30. Qxa7 Re8 31. bxc4 Ree2 32. Kh4 Re5 33. Kh3 Ree2 34. Kh4 Re5 35. Kh3 1/2-1/2

[Event "Karlsruhe Grenke op"]
[Site "Karlsruhe"]
[Date "2019.04.19"]
[Round "2"]
[White "Lavrinenkov, Vadim"]
[Black "Wagner, Dennis"]
[Result "1/2-1/2"]
[WhiteElo "2256"]
[BlackElo "2577"]
[PlyCount "162"]
[EventDate "2019.04.18"]
[EventType "swiss"]
[EventRounds "9"]
[EventCountry "GER"]
[SourceTitle "CBM 189 Extra"]
[Source "ChessBase"]
[SourceDate "2019.06.03"]
[SourceVersion "1"]
[SourceVersionDate "2019.06.03"]
[SourceQuality "1"]

1. d4 Nf6 2. Nf3 g6 3. Bg5 Bg7 4. Nbd2 0-0 5. c3 d6 6. e4 c5 7. d5 h6 8. Bh4 e6 9. dxe6 Bxe6 10. Be2 Nc6 11. 0-0 a6 12. a4 Qb6 13. Qc2 Na5 14. Rfe1 d5 15. exd5 Nxd5 16. Bg3 Rfd8 17. Ne5 Bf5 18. Qc1 Qf6 19. Bf3 h5 20. Nec4 Nxc4 21. Nxc4 a5 22. Bd6 Rxd6 23. Nxd6 Qxd6 24. Qd2 Be6 25. Rad1 Rd8 26. c4 Bd4 27. cxd5 Bxd5 28. Bxd5 Qxd5 29. Qxa5 Kg7 30. b4 Rc8 31. bxc5 Rxc5 32. Qd2 Rc4 33. Qa2 Qc6 34. Re7 Qxa4 35. Qxa4 Rxa4 36. Rxb7 Ra2 37. Rf1 h4 38. Rb3 g5 39. g3 hxg3 40. Rxg3 Kh6 41. Rg2 Kh5 42. Kh1 Be5 43. f3 Ra4 44. Re2 f6 45. Rg1 Rh4 46. Rd1 Kg6 47. Rg2 Kf5 48. Rf1 Bf4 49. Ra2 Be5 50. Rff2 Bd4 51. Rfd2 Be5 52. Kg1 Rh3 53. Rf2 Rh4 54. Ra5 Ke6 55. Re2 Kf5 56. Kf1 Rh3 57. Rf2 Rh4 58. Kg1 Kg6 59. Rg2 Bd4+ 60. Kh1 Be5 61. Raa2 Kf5 62. Raf2 Bd4 63. Rf1 Be5 64. Rc1 Rh3 65. Rf2 Rh4 66. Rcc2 Bd4 67. Rfe2 Be5 68. Kg1 Rh3 69. Rf2 Rh4 70. Kf1 Bd4 71. Rg2 Be5 72. Ke1 Rh3 73. Rcf2 Bd4 74. Rf1 Be5 75. Ke2 Rxh2 76. Rxh2 Bxh2 77. Ra1 g4 78. Ra4 gxf3+ 79. Kxf3 Bd6 80. Ra6 Bc7 81. Rxf6+ Kxf6 1/2-1/2

[Event "Landesliga Sued 1819"]
[Site "Bayern"]
[Date "2019.03.24"]
[Round "8.1"]
[White "Schmidt, Georg"]
[Black "Lavrinenkov, Vadim"]
[Result "1-0"]
[WhiteElo "2295"]
[BlackElo "2307"]
[PlyCount "93"]
[EventDate "2018.10.21"]
[EventType "team-tourn"]
[EventRounds "9"]
[EventCountry "GER"]
[SourceTitle "EXT 2022"]
[Source "ChessBase"]
[SourceDate "2021.10.06"]
[SourceVersion "1"]
[SourceVersionDate "2021.10.06"]
[SourceQuality "1"]
[WhiteTeam "Unterhaching"]
[BlackTeam "Kriegshaber SK"]
[WhiteTeamCountry "GER"]
[BlackTeamCountry "GER"]

1. e4 d5 2. exd5 Qxd5 3. Nc3 Qd8 4. d4 Nf6 5. Be2 Bf5 6. Bf3 c6 7. Nge2 e6 8. Ng3 Bg6 9. h4 h6 10. h5 Bh7 11. Nce4 Be7 12. c3 Nbd7 13. a4 Nxe4 14. Nxe4 a5 15. Bf4 Nf6 16. Nxf6+ Bxf6 17. Qb3 Qd7 18. Rd1 0-0 19. 0-0 Rfd8 20. Rfe1 Be7 21. Bg3 Bf8 22. Re3 Qc8 23. Be5 Bd6 24. Bxd6 Rxd6 25. c4 Qc7 26. Rc3 Rad8 27. d5 exd5 28. cxd5 Qd7 29. Rc5 Bf5 30. Rd4 Qe7 31. Qe3 Qf8 32. Rf4 Re8 33. Qc3 Bd7 34. Qxa5 cxd5 35. Rxd5 Bc6 36. Rxd6 Qxd6 37. Qf5 Re1+ 38. Kh2 Re6 39. Qxf7+ Kh7 40. Bxc6 bxc6 41. Qf5+ Kg8 42. Qf7+ Kh7 43. g3 Re1 44. Qf5+ Kg8 45. Qc8+ Kh7 46. Rf8 Qd5 47. Rh8# 1-0

[Event "Landesliga Sued 1819"]
[Site "Bayern"]
[Date "2018.10.21"]
[Round "1.1"]
[White "Maksimenko, Andrei"]
[Black "Lavrinenkov, Vadim"]
[Result "0-1"]
[WhiteElo "2374"]
[BlackElo "2307"]
[PlyCount "62"]
[EventDate "2018.10.21"]
[EventType "team-tourn"]
[EventRounds "9"]
[EventCountry "GER"]
[SourceTitle "EXT 2022"]
[Source "ChessBase"]
[SourceDate "2021.10.06"]
[SourceVersion "1"]
[SourceVersionDate "2021.10.06"]
[SourceQuality "1"]
[WhiteTeam "Muenchen Tarrasch"]
[BlackTeam "Kriegshaber SK"]
[WhiteTeamCountry "GER"]
[BlackTeamCountry "GER"]

1. Nf3 d5 2. e3 Nf6 3. c4 c6 4. Nc3 e6 5. b3 Nbd7 6. Qc2 Bd6 7. Be2 Qe7 8. 0-0 0-0 9. Bb2 a6 10. d4 b6 11. e4 Nxe4 12. Nxe4 dxe4 13. Qxe4 Bb7 14. Rad1 Rfd8 15. Bd3 Nf8 16. Qg4 f6 17. Rfe1 Qf7 18. c5 bxc5 19. Bc4 Kh8 20. h3 h5 21. Qh4 cxd4 22. Nxd4 Be5 23. f4 g5 24. fxg5 c5 25. Nxe6 Nxe6 26. Bxe6 Qxe6 27. Rxd8+ Rxd8 28. gxf6 Bd4+ 29. Bxd4 Qd5 30. Re8+ Rxe8 31. f7+ Kh7 0-1

[Event "Karlsruhe Grenke op"]
[Site "Karlsruhe"]
[Date "2018.04.01"]
[Round "6"]
[White "Carlstedt, Jonathan"]
[Black "Lavrinenkov, Vadim"]
[Result "0-1"]
[WhiteElo "2432"]
[BlackElo "2249"]
[PlyCount "90"]
[EventDate "2018.03.29"]
[EventType "swiss"]
[EventRounds "9"]
[EventCountry "GER"]
[SourceTitle "CBM 183 Extra"]
[Source "ChessBase"]
[SourceDate "2018.04.19"]
[SourceVersion "1"]
[SourceVersionDate "2018.04.19"]
[SourceQuality "1"]

1. d4 d5 2. c4 dxc4 3. e4 Nf6 4. e5 Nd5 5. Bxc4 Nb6 6. Bb3 Bf5 7. Nc3 e6 8. g4 Bg6 9. h4 h5 10. g5 Nc6 11. Nge2 Bb4 12. a3 Ba5 13. 0-0 Ne7 14. Nf4 Qd7 15. Be3 c6 16. Bxe6 fxe6 17. b4 Bxb4 18. axb4 Kf7 19. Qf3 Bf5 20. Rfc1 Bg4 21. Qh1 Nbd5 22. Ne4 Nxf4 23. Nd6+ Kg6 24. Bxf4 a6 25. Ra3 Raf8 26. Bg3 Nc8 27. Qe4+ Bf5 28. Qe3 Kh7 29. Qe2 Bg6 30. Re3 Ne7 31. Rf3 Nf5 32. Rd1 Qc7 33. Rf4 Ne7 34. Rxf8 Rxf8 35. Rc1 Nd5 36. Qd2 Qb6 37. Kg2 Nxb4 38. Qb2 a5 39. Qb3 Qxd4 40. Qxe6 Nd3 41. Rf1 Nf4+ 42. Bxf4 Rxf4 43. f3 Rxh4 44. Nf5 Qd2+ 45. Rf2 Rh2+ 0-1

[Event "Landesliga Sued 1718"]
[Site "Bayern"]
[Date "2017.12.10"]
[Round "4.1"]
[White "Spiess, Martin"]
[Black "Lavrinenkov, Vadim"]
[Result "1/2-1/2"]
[WhiteElo "2192"]
[BlackElo "2259"]
[PlyCount "206"]
[EventDate "2017.10.22"]
[EventType "team-tourn"]
[EventRounds "9"]
[EventCountry "GER"]
[SourceTitle "EXT 2022"]
[Source "ChessBase"]
[SourceDate "2021.10.06"]
[SourceVersion "1"]
[SourceVersionDate "2021.10.06"]
[SourceQuality "1"]
[WhiteTeam "Ingolstadt"]
[BlackTeam "Kriegshaber SK"]
[WhiteTeamCountry "GER"]
[BlackTeamCountry "GER"]

1. e4 d5 2. exd5 Qxd5 3. Nf3 Bg4 4. Be2 Nc6 5. d4 0-0-0 6. Be3 e5 7. c4 Qa5+ 8. Bd2 Qa6 9. d5 Bxf3 10. Bxf3 Nd4 11. Be2 Qg6 12. 0-0 Qc2 13. Nc3 Bb4 14. Qxc2 Nxc2 15. Bg4+ Kb8 16. Rac1 Nd4 17. Rfe1 Nf6 18. Bd1 Nd7 19. a3 Be7 20. Ne2 Nf5 21. Bc2 Nd6 22. b3 f5 23. Nd4 g6 24. Ne6 Rde8 25. a4 Bf6 26. c5 Nf7 27. Ba5 b6 28. cxb6 cxb6 29. Bb4 Rc8 30. Bd3 Kb7 31. d6 a5 32. Ba3 e4 33. Bc4 Nfe5 34. Bd5+ Kb8 35. Rc7 Rxc7 36. Nxc7 Nd3 37. Rb1 Bd4 38. b4 axb4 39. Na6+ Ka7 40. Nxb4 Bxf2+ 41. Kf1 Nxb4 42. Bxb4 Bc5 43. a5 Rb8 44. axb6+ Rxb6 45. Ra1+ Ra6 46. Rxa6+ Kxa6 47. Bxc5 Nxc5 48. Bg8 h6 49. Bh7 Kb6 50. g3 Kc6 51. Bxg6 Kxd6 52. Bxf5 Ke5 53. Bc8 e3 54. Ke2 Kd4 55. g4 Ke4 56. h4 Nb3 57. g5 Nd4+ 58. Ke1 hxg5 59. hxg5 Nf3+ 60. Ke2 Nxg5 61. Bb7+ Kd4 62. Bc6 Ne6 63. Bb5 Ke4 64. Ba6 Nc5 65. Bb5 Kd4 66. Bc6 Nb3 67. Bb5 Nc1+ 68. Kd1 Na2 69. Ba6 Nb4 70. Bb5 Ke4 71. Ke2 Kf4 72. Bc4 Nc6 73. Ba6 Nd4+ 74. Ke1 Ke4 75. Bb7+ Kd3 76. Ba6+ Kc3 77. Kd1 Ne6 78. Ke2 Kd4 79. Bb5 Nc5 80. Bc6 Na6 81. Bd7 Nc7 82. Bc6 Ne6 83. Bb5 Nf4+ 84. Ke1 Nd5 85. Ba6 Nb4 86. Bb5 Ke4 87. Ke2 Kf4 88. Bc4 Nc6 89. Ba6 Nd4+ 90. Ke1 Kg3 91. Bc4 Kf3 92. Bd5+ Kf4 93. Bc4 Ke4 94. Ba6 Ne6 95. Ke2 Nc5 96. Bb5 Kd4 97. Bc6 Ne4 98. Bxe4 Kxe4 99. Ke1 Kd4 100. Ke2 Ke4 101. Ke1 Kf3 102. Kf1 e2+ 103. Ke1 Ke3 1/2-1/2

[Event "Landesliga Sued 1718"]
[Site "Bayern"]
[Date "2017.11.26"]
[Round "3.1"]
[White "Lavrinenkov, Vadim"]
[Black "Schmidt, Georg"]
[Result "1-0"]
[WhiteElo "2259"]
[BlackElo "2241"]
[PlyCount "31"]
[EventDate "2017.10.22"]
[EventType "team-tourn"]
[EventRounds "9"]
[EventCountry "GER"]
[SourceTitle "EXT 2022"]
[Source "ChessBase"]
[SourceDate "2021.10.06"]
[SourceVersion "1"]
[SourceVersionDate "2021.10.06"]
[SourceQuality "1"]
[WhiteTeam "Kriegshaber SK"]
[BlackTeam "Unterhaching"]
[WhiteTeamCountry "GER"]
[BlackTeamCountry "GER"]

1. d4 d6 2. e4 Nf6 3. Nc3 e5 4. dxe5 dxe5 5. Qxd8+ Kxd8 6. Nf3 Bd6 7. Be3 h6 8. 0-0-0 a6 9. Nxe5 Be6 10. Nc4 Bxc4 11. Bxc4 Ke7 12. Rhe1 Ng4 13. e5 Bxe5 14. Bd4 Kf6 15. Nd5+ Kf5 16. Bd3+ 1-0

[Event "Landesliga Sued 1718"]
[Site "Bayern"]
[Date "2017.10.22"]
[Round "1.1"]
[White "Lavrinenkov, Vadim"]
[Black "Maksimenko, Andrei"]
[Result "0-1"]
[WhiteElo "2259"]
[BlackElo "2470"]
[PlyCount "96"]
[EventDate "2017.10.22"]
[EventType "team-tourn"]
[EventRounds "9"]
[EventCountry "GER"]
[SourceTitle "EXT 2022"]
[Source "ChessBase"]
[SourceDate "2021.10.06"]
[SourceVersion "1"]
[SourceVersionDate "2021.10.06"]
[SourceQuality "1"]
[WhiteTeam "Kriegshaber SK"]
[BlackTeam "Muenchen Tarrasch"]
[WhiteTeamCountry "GER"]
[BlackTeamCountry "GER"]

1. Nf3 d5 2. b3 Bg4 3. Bb2 Nd7 4. g3 Ngf6 5. Bg2 c6 6. 0-0 e6 7. d3 Bd6 8. Nbd2 0-0 9. e4 Qc7 10. Qe2 e5 11. Rfe1 Rfe8 12. a3 Rad8 13. h3 Bh5 14. g4 Bg6 15. Nh4 dxe4 16. dxe4 Nc5 17. Nc4 Bf8 18. Nf5 Nfd7 19. Rad1 b5 20. Nce3 Ne6 21. Bf1 Nf4 22. Qf3 Nc5 23. Ng2 Rxd1 24. Rxd1 Nxe4 25. Nxf4 exf4 26. Rd4 Bxf5 27. gxf5 Qe5 28. Bd3 Ng5 29. Qg4 Qe1+ 30. Bf1 Ne4 31. Rxe4 Qxe4 32. Bd3 Qe1+ 33. Kg2 f6 34. Qf3 Bc5 35. Bc3 Qe7 36. Qxc6 a6 37. Qxa6 Qd7 38. Bxb5 f3+ 39. Kg3 Bd6+ 40. Kxf3 Qxf5+ 41. Kg2 Bc5 42. Be1 Qe4+ 43. Kg3 Qxe1 44. Bxe8 Qxf2+ 45. Kg4 f5+ 46. Kh5 Qf3+ 47. Kg5 Be7+ 48. Qf6 Bxf6# 0-1

[Event "Oberliga Bayern 1415"]
[Site "Germany"]
[Date "2015.04.12"]
[Round "9.3"]
[White "Lavrinenkov, Vadim"]
[Black "Hilverda, Alexander"]
[Result "1-0"]
[WhiteElo "2208"]
[BlackElo "2353"]
[PlyCount "125"]
[EventDate "2014.10.19"]
[EventType "team-tourn"]
[EventRounds "9"]
[EventCountry "GER"]
[SourceTitle "EXT 2016"]
[Source "ChessBase"]
[SourceDate "2015.10.08"]
[SourceVersion "1"]
[SourceVersionDate "2015.10.08"]
[SourceQuality "1"]
[WhiteTeam "Kriegshaber"]
[BlackTeam "Erlangen"]
[WhiteTeamCountry "GER"]
[BlackTeamCountry "GER"]

1. Nf3 d5 2. c4 c6 3. b3 Nf6 4. Bb2 Bf5 5. g3 e6 6. Bg2 Bd6 7. 0-0 0-0 8. d3 h6 9. Nc3 Bh7 10. Qc2 Nbd7 11. e4 dxe4 12. dxe4 Qe7 13. Rad1 Rfd8 14. Qe2 e5 15. Nh4 Ba3 16. Ba1 Nf8 17. Nf5 Qc7 18. Rxd8 Rxd8 19. Rd1 Ne6 20. Rxd8+ Nxd8 21. Nd1 Ne6 22. Nde3 Bc5 23. Ng4 Nd7 24. Qd2 a5 25. Nfxh6+ Kf8 26. Nf5 f6 27. Bc3 b6 28. Nge3 Kf7 29. Nc2 Bf8 30. a3 Ndc5 31. b4 Nb3 32. Qd1 Kg8 33. Nce3 axb4 34. Qxb3 bxc3 35. c5 Qf7 36. cxb6 Bxf5 37. b7 Bd6 38. b8R+ Bxb8 39. Qxb8+ Kh7 40. exf5 Nd4 41. Qb1 Qa7 42. Qd1 Qc5 43. Be4 Kg8 44. a4 Kf8 45. Kg2 Qb4 46. Bd3 Nb3 47. Bc2 Nd2 48. Qe2 e4 49. Nd1 Qd4 50. Qe3 Qc4 51. Kh3 Qf1+ 52. Kg4 Nf3 53. Nxc3 Ne5+ 54. Kf4 Qg2 55. Bxe4 g5+ 56. fxg6 Qh3 57. Bf5 Qxh2 58. Qa7 Qh6+ 59. Ke4 Qh1+ 60. Kd4 Nd7 61. Qxd7 Qh7 62. Qxh7 c5+ 63. Ke3 1-0